000 00278nam a2200109Ia 4500
008 200302s9999 xx 000 0 und d
100 _aDaniel W. Halpin & Other
245 _aConstruction Mangement 2nd ed.
260 _bJohn Wiley & Sons Inc.
260 _c1998
300 _a444 P.,
999 _c2047
_d2047